Responses for show #7276 - Monday, April 11, 2016

Contestants

Catherine Kruchten, an informal educator from Baltimore, Maryland

Thaddeus Lisowski, a Latin teacher from Alameda, California

Ricky Young, a tax accountant originally from Canyonville, Oregon (whose 1-day cash winnings total $25,599)

Jeopardy! Round responses

WHO WANTS A BEER?
AUTOBIOGRAPHIES
FRENCH OCCUPATION
ENTOMOLOGIST'S DICTIONARY
BIG BATS OF BASEBALL
"D.H."
    $200 1
Budweiser

Thaddeus
    $200 18
Arthur Miller

Ricky
    $200 26
a singer

Ricky
    $200 2
colony

Ricky
    $200 4
(David) Ortiz

Thaddeus
    $200 12
Duncan Hines

Ricky
    $400 3
Heineken

Thaddeus
    $400 19
Vanna Speaks!

Triple Stumper
    $400 27
librarian

Catherine
    $400 15
Antenna

Catherine
    $400 5
Tony Gwynn

Ricky
    $400 13
(Thaddeus: Who is Don Henley?)

Daryl Hall

Thaddeus
Triple Stumper
    $600 9
Corona

Catherine
    $600 20
Wild

Ricky
    $600 28
a baker (a breadmaker accepted)

Thaddeus
    $600 16
the exoskeleton

Ricky
    $600 6
(Catherine: Who is DiMaggio?)

Mickey Mantle

RickyCatherine
    $600 14
Dag Hammarskjöld

Triple Stumper
    $800 10
Sam Adams

Thaddeus
    $800 21
I Know Why the Caged Bird Sings

Triple Stumper
    $800 29
a lawyer

Thaddeus
    $2,000 23
the wings

Ricky
    $800 7
George Brett

Ricky
    $800 17
David Halberstam

Triple Stumper
    $1000 11
St. Pauli Girl

Catherine
    $1000 22
Lady Sings the Blues

Triple Stumper
    $1000 30
firefighter

Catherine
    $1000 24
mimicry

Catherine
    $1000 8
Willie Mays

Ricky
    $1000 25
Dashiell Hammett

Triple Stumper

Scores at the first commercial break (after clue 15):

Ricky Thaddeus Catherine
$3,200 $1,200 $1,400

Scores at the end of the Jeopardy! Round:

Ricky Thaddeus Catherine
$6,800 $2,600 $3,800

Double Jeopardy! Round responses

A LITTLE TV
JUDEAN HISTORY
STATE SONG LYRICS
1940s LIT
GARDENING
THE WAY WE "WOR"
    $400 26
Downton Abbey

Catherine
    $400 21
David

Catherine
    $400 16
Pennsylvania

Catherine
    $400 11
(Ricky: What is Atlas Shrugged?)

The Fountainhead

RickyCatherine
    $400 1
grafting

Catherine
    $400 6
worthy

Ricky
    $800 30
MacGyver

Ricky
    $2,600 22
(Catherine: What is the roman Empire?)

the Babylonian Empire

Catherine
    $800 17
cod

Thaddeus
    $800 12
A Tree Grows in Brooklyn

Triple Stumper
    $800 2
tomatoes

Catherine
    $800 7
Workshop

Ricky
    $1200 29
(Ricky: What is Greek?)

Scream Queens

Ricky
Triple Stumper
    $1200 23
Pilate

Ricky
    $3,400 18
(Thaddeus: What is Montana?)

Utah

Thaddeus
    $1200 13
The Robe

Triple Stumper
    $1200 3
(Thaddeus: What are aromatic oils?)
[Originally ruled incorrect; reversed prior to the first Daily Double at clue 18 when Alex said the judges discovered aromatic oils are a subset of [*]]

essential oils

ThaddeusCatherine
    $1200 8
wordplay

Triple Stumper
    $1600 28
"Babalú"

Triple Stumper
    $1600 24
the Canaanites

Ricky
    $1600 19
the Ozarks

Ricky
    $1600 14
Adano

Triple Stumper
    $1600 4
impatiens

Triple Stumper
    $1600 9
(Ricky: What is wort?)

wormwood

Ricky
Triple Stumper
    $2000 27
San Francisco

Ricky
    $2000 25
Beersheba

Triple Stumper
    $2000 20
Delaware

Ricky
    $2000 15
Johnny Tremain

Ricky
    $2000 5
St. Augustine

Thaddeus
    $2000 10
worsted

Catherine

Scores at the end of the Double Jeopardy! Round:

Ricky Thaddeus Catherine
$16,000 $3,200 $7,200
(lock game)

[wagering suggestions for these scores]

Final Jeopardy! Round responses

2015 MOVIES
ThaddeusWho are Peanuts?
$2,950
CatherineWho are the Peanuts
$799
RickyWho are the Minions
$1,599
the Peanuts

Final scores:

Ricky Thaddeus Catherine
$14,401 $6,150 $7,999
2-day champion: $40,000 3rd place: $1,000 2nd place: $2,000

Game dynamics:

Coryat scores:

Ricky Thaddeus Catherine
$14,800 $6,600 $9,800
20 R
(including 1 DD),
3 W
9 R,
2 W
(including 1 DD)
14 R,
2 W
(including 1 DD)

Combined Coryat: $31,200

The J! Archive is created by fans, for fans. The Jeopardy! game show and all elements thereof, including but not limited to copyright and trademark thereto, are the property of Jeopardy Productions, Inc. and are protected under law. This website is not affiliated with, sponsored by, or operated by Jeopardy Productions, Inc. Join the discussion at JBoard.tv.